|
|
|
|
| LEADER |
00000nam a2200000 a 4500 |
| 001 |
vtls001471856 |
| 003 |
SK-MaSNL |
| 005 |
20260302073510.0 |
| 008 |
240315s1978 xo 0 eng |
| 035 |
|
|
|a SNK000427159
|
| 040 |
|
|
|a SNK
|b slo
|c SNK
|e AACR2
|
| 041 |
0 |
|
|a eng
|
| 044 |
|
|
|a xo
|c SK
|
| 072 |
|
7 |
|a 82.0
|x Literatúra (teória)
|2 konspekt
|
| 080 |
|
|
|a 82.091
|2 1981
|
| 080 |
|
|
|a (0.036.6)
|2 1981
|
| 080 |
|
|
|a (048.8)
|2 1981
|
| 100 |
1 |
|
|a Ďurišin, Dionýz,
|d 1929-1997
|4 aut
|9 106572
|
| 245 |
1 |
|
|a Perspectives for the investigation of the interliterary process
|c Dionýz Ďurišin
|
| 250 |
|
|
|a [1.vyd.]
|
| 260 |
|
|
|a [S. l.
|b s. n.
|c 1991]
|
| 300 |
|
|
|a S.153-168
|c 24 cm
|
| 500 |
|
|
|a Odtlačok z: Acta Facultatis Philosophicae Universitatis Šafarikanae 8, 1988
|
| 650 |
0 |
7 |
|a literárna komparatistika
|2 SNK
|9 62017
|
| 655 |
|
7 |
|a separáty
|2 SNK
|9 70334
|
| 655 |
|
7 |
|a štúdie
|2 SNK
|9 57033
|
| 958 |
|
|
|a OND
|
| 999 |
|
|
|c 1161071
|d 1163001
|
| 952 |
|
|
|t P60, <03>, [BOOK], {603}
|a SNK
|b SNK
|y PREZ
|7 0
|p 17A0424242
|o snkOSC 22622
|i snkK 1209/2003
|g 0.33
|0 0
|1 0
|4 0
|d 2004-03-25
|l 0
|r 2005-01-02 00:00:00
|w 2026-02-24
|